000 00833cam a2200217 a 4500
999 _c58336
_d58336
001 3351397
005 20240123154217.0
008 860815r19861973nyua b 001 0 eng
020 _a0486652416x
041 _aeng
080 _a519.876.5 H-20
100 1 _aHamming, R. W.
_q(Richard Wesley),
_d1915-1998.
_912902
245 1 0 _aNumerical methods for scientists and engineers /
_cR.W. Hamming.
250 _a2nd ed.
264 _aNew York :
_bDover,
_c1973.
300 _a 721 p. :
_bill. ;
_c22 cm.
653 _aრიცხვითი მეთოდები მეცნიერებისა და ინჟინრებისთვის
653 _aოპერაციის კვლევა
856 4 2 _3Publisher description
_uhttp://www.loc.gov/catdir/description/dover032/86016226.html
942 _2udc
_cBK